000 00761cab a2200241 4500
001 WB3419-06
008 090401t1998 xxu||||| |||| 00| 0 eng d
035 _a(Sirsi) u86310
041 _aeng
245 _a10 tenants dominate retail parks
260 _c1998
350 _a0
490 _aProperty Week
_v63(5) 15 May 1998, 23(1)
520 _aAlmost half the space on the UK`s 455 retail parks is dominated by a `superleague` of 10 top tenants according to a report by Colliers Erdman Lewis. Table.
650 _aCOLLIERS ERDMAN LEWIS
650 _aLEAGUE TABLE
650 _aOUT-OF-TOWN SHOPPING
650 _aRETAIL PARKS
650 _aTENANTS
690 _aPROPERTY-COMMERCIAL PROPERTY-RETAIL PROPERTY
942 _n0
948 _c20/05/1998
999 _c54309
_d54309